000 00460nam a2200181Ia 4500
005 20240823011039.0
008 240823s9999||||xx |||||||||||||| ||und||
041 _aENGLISH
082 _A620.106 P1
100 _aKumar D S
245 0 _aFluid Mechanics and Fluid Power Engineering
250 _a6th
260 _c2001
_b"S K Kataria,New Delhi"
500 _aYES
650 _aFluid Mechanics
_bAeronautical Engineering
942 _cBK
999 _c160397
_d160397